COMMUNITY TOTS - FIFA 22 - Statystyki

Ogólne statystyki
  • Ten quiz został rozwiązany 80 razy
  • Średni wynik to 11 z 15
Statystyki odpowiedzi
Overall Narodowość Klub Piłkarz % Poprawnych
96 Urugwaj Atletico Madryt Suarez
91%
95 Francja Tottenham Lloris
88%
91 Brazylia Manchester United Fred
87%
92 WKS Crystal Palace Zaha
87%
92 Belgia Atletico Madryt Carrasco
85%
94 Hiszpania Manchester City Laporte
80%
90 Hiszpania Villarreal Moreno
77%
92 Niemcy Bayern Gnabry
76%
90 Szkocja Aston Villa McGinn
65%
89 Anglia Wolves Coady
64%
89 Niemcy RB Salzburg Adeyemi
61%
88 Francja Nicea Todibo
61%
89 Anglia Crystal Palace Mitchell
51%
88 Anglia Southampton Livramento
45%
90 Francja Olympique Lyon Caqueret
40%
Nie znaleziono quizów pasujących do podanych kryteriów
Rozkład punktacji
Procent ludzi z każdym wynikiem
Percentyl według liczby udzielonych odpowiedzi
Twoja historia wyników
Nie rozwiązałeś tego quizu